01785nam a22002777a 4500001000700000003000900007005001700016008004100033020001500074040004900089041002300138082001700161100009900178245008000277260004100357300009900398505062400497650004401121650003601165700007801201700004401279700003901323942001201362999001901374952011401393114117DR-UNIBE20260423112457.0251001b2000 dr ||||| |||| 00| 0 mul d a9993423122 aBIBLIOTECA UNIBEbspacBIBLIOTECA UNIBEerda hspaaspaaengafre a726.5 D925b1 aDunoyer de Segonzac, Andréq(Dunoyer de Segonzac, André-Jacques)d1915-1974eautor920432310aBasílica Nuestra Señora de La Altagracia /cAndré Dunoyer de Segonzac aSanto Domingo :bBanco Popularc2000 a343 páginas : bilustraciones (blanco y negro y color) ;c 29 cm e+ 1 cuadernillo (4 hojas) aPRIMERA PARTE ASPECTOS HISTÓRICOS Y RELIGIOSOS | Historia del culto altagraciano | La situación geográfica y sus relaciones con el edificio | Situación de los autores durante el concurso (1947) | Sobre el desarrollo del estudio | SEGUNDA PARTE ESTUDIO CRÍTICO | A/ Del programa | B/ Concepto general | C/ Los elementos del edificio como respuesta a las funciones | D/ El nacimiento de los sistemas de formas, su adaptación al discurso arquitectónico | E/ La arquitectónica: modelatura y paramentos | F/ Sistema de los vitrales | G/ Las modificaciones posteriores al proyecto de ejecución |  72lembaIglesia catolicaxHistoria928763 72lembaDiseño arquitectónico aMoya Pons, Frank, q(Moya Pons, Rafael Francisco),d1944-9199245eeditor aGauge, Jean Alexis etraductor9199464 aSolomon, Denis etraductor9199465 2ddccBK c114117d114117 00102ddc708GENaPrincipald2025-08-01l0o726.5 D925bp251005r2025-10-10 12:29:10tEj. 1w2025-10-10yBK